| 000 | 03209cas a22009017a 4500 | ||
|---|---|---|---|
| 005 | 20231010062646.0 | ||
| 008 | 000621c1924 mx mr pernn 0 b1spa d | ||
| 010 | _a81651 | ||
| 011 | _a82623 | ||
| 022 | _a0008-2473 | ||
| 035 | _a93122 | ||
| 245 | 0 | 3 | _aEl Campo |
| 260 | 0 |
_aMéxico, D. F. : _bPublicaciones Armol, S.A., _c1924- |
|
| 300 | _av. | ||
| 310 | _aMensual | ||
| 362 | _av.71 n.1240, 1995 | ||
| 590 |
_aBATCH-UPD _b10 _c20130110 _lUCH01 _h0214 |
||
| 590 |
_aBATCH-UPD _b10 _c20130409 _lUCH01 _h2230 |
||
| 590 |
_aBATCH-UPD _b10 _c20130913 _lUCH01 _h2116 |
||
| 590 |
_aCONVERSION _b10 _c20130109 _lUCH01 _h1345 |
||
| 650 | 1 | 7 |
_aAgricultura _xPublicaciones periódicas _2 _91772 |
| 866 | _an.642-643 (1945) | ||
| 866 | _an.666-667,670 (1947) | ||
| 866 | _av.16 n.673-680,682 (1948) | ||
| 866 | _av.17 n.683-688 (1949) | ||
| 866 | _av.17 n.691,693 (1949) | ||
| 866 | _av.18 n.697-700 (1950) | ||
| 866 | _av.18 n.703-706 (1950) | ||
| 866 | _av.19 n.711-713 (1951) | ||
| 866 | _av.19 n.715-718 (1951) | ||
| 866 | _av.20 n.719-732 (1952-1953) | ||
| 866 | _av.20 n.735,738 (1953) | ||
| 866 | _av.20 n.740-741 (1953) | ||
| 866 | _av.21 n.744-754 (1954) | ||
| 866 | _av.22 n.758-760 (1955) | ||
| 866 | _av.22 n.762-763 (1955) | ||
| 866 | _av.22 n.765-766 (1955) | ||
| 866 | _av.22 n.767-v.24 n.814 (1956-1958) | ||
| 866 | _av.25 n.815-824,826 (1960) | ||
| 866 | _av.26 n.827-837 (1961) | ||
| 866 | _av.27 n.841,843-850 (1962) | ||
| 866 | _av.28 n.851-858 (1963) | ||
| 866 | _av.28 n.860-862 (1963) | ||
| 866 | _av.29 n.863-v.49 n.973 (1964 -1973) | ||
| 866 | _av.49 n.975-979 (1973) | ||
| 866 | _av.49 n.981-983 (1973-1974) | ||
| 866 | _av.49 n.986-988 (1974) | ||
| 866 | _av.50 n.989-991 (1974) | ||
| 866 | _av.50 n.994-v.54 n.1042 (1974-1978) | ||
| 866 | _av.54 n.1043-1045 (1979) | ||
| 866 | _av.54 n.1047-1048 (1979) | ||
| 866 | _av.55 n.1050-1053 (1979) | ||
| 866 | _av.55 n.1055-1058 (1980) | ||
| 866 | _av.55 n.1060 (1980) | ||
| 866 | _av.56 n.1062 (1980) | ||
| 866 | _av.56 n.1064-v.57 n.1085 (1981-1982) | ||
| 866 | _av.58 n.1093-v.59 n.1102 (1983) | ||
| 866 | _av.59 n.1104-1111 (1984) | ||
| 866 | _av.59 n.1113-1114 (1984) | ||
| 866 | _av.60 n.1115-1126 (1985) | ||
| 866 | _av.61 n.1128-1130 (1986) | ||
| 866 | _av.61 n.1132 (1986) | ||
| 866 | _av.62 n.1133-1138 (1986) | ||
| 866 | _av.63 n.1139-1150 (1987) | ||
| 866 | _av.64 n.1153,1155 (1988) | ||
| 866 | _av.65 n.1158-1161 (1988) | ||
| 866 | _av.66 n.1167 (1989) | ||
| 866 | _av.66 n.1169-1171 (1989) | ||
| 866 | _av.66 n.1174-1177 (1989-1990) | ||
| 866 | _av.66 n.1180-1183 (1990) | ||
| 866 | _av.67 n.1189-1191 (1991) | ||
| 866 | _av.68 n.1199-1206 (1992) | ||
| 866 | _av.69 n.1213-1222 (1993) | ||
| 866 | _av.70 n.1226 (1994) | ||
| 866 | _av.71 n.1235,1240 (1995) | ||
| 901 | _aSE | ||
| 905 | _aLilia Sánchez G. | ||
| 999 |
_c81651 _d81651 |
||